LEADER 01397nam a2200265 4500 001 000000351120 003 CaOOAMICUS 005 20230302135955.0 008 220805s1923 fr 000 u fre r 040 $aSeMil$bita 100 1 $aRobin, Léon,$d<1866-1947>.$0(OLS)http://semarc/name/9097 245 13$aLa pensée grecque et les origines de l'esprit scientifique /$cpar Léon Robin. 264 1$aParis :$bLa Renaissance du Livre,$c1923. 300 $aXXI, 480 p. ;$c20 cm 490 1 $aL'évolution de l'humanité ;$v13 490 1 $aL'évolution de l'humanité. 1. section, 3: Le monde antique. La Grèce et la civilisation hellénique ;$v4 650 4$aFilosofia greca - Origini.$0(OLS)http://semarc/subject/14294 650 4$aFilosofia greca - Pensiero scientifico.$0(OLS)http://semarc/subject/52712 830 2$aL'évolution de l'humanité. 1. section, 3: Le monde antique. La Grèce et la civilisation hellénique ;$v4.$0(OLS)http://semarc/title/442985 830 2$aL'évolution de l'humanité ;$v13.$0(OLS)http://semarc/title/18423 850 $aSeMil 852 $aSeMil$W1$xVenegono$y1$m2P VII 458$j237987$B242186$CSeMilBibl$Z2$F242186 $81 996 $6245$aLa pensée grecque et les origines de l'esprit scientifique$9(OLS)http://semarc/title/255556 996 $6264$aParis :$bLa Renaissance du Livre$9(OLS)http://semarc/publisher/33752 LEADER 00813nam a2200229 i 4500 001 000000222368 003 CaOOAMICUS 005 20130911000000.0 008 130911n it u000 u ita u 013 $a201265 020 $a88-7156-094-2 040 $aSeMil$bita 245 10$aTriduo pasquale e tempo di Pasqua. 300 $a305 p. ;$c18 cm. 500 $aFondo card. C. M. Martini. 773 0 $tBreviario patristico-spirituale dell'anno liturgico.$dRoma : Borgia, [1979?]$g3$w()28793 850 $aSeMil 852 $aSeMil$W1$xVenegono$y1$m3K I 490$j172714$B172714$CSeMilBibl$Z2$F185731 $81 941 1 $a4 961 $aLascito: Martini Card. Carlo Maria 996 $6020$a88-7156-094-2$9(OLS)http://semarc/number/221921 996 $6245$aTriduo pasquale e tempo di Pasqua$9(OLS)http://semarc/title/318703